LEADER 01127nam a22002771i 4500 001 991000444529707536 005 20030129180057.0 008 021009s1963 it |||||||||||||||||ita 035 $ab12005903-39ule_inst 035 $aARCHE-009570$9ExL 040 $aDip.to Filologia Ling. e Lett.$bita$cA.t.i. Arché s.c.r.l. Pandora Sicilia s.r.l. 082 04$a945.07 245 04$aGli illuministi italiani :$buna antologia dagli scritti di Filangieri, Pagano, Beccaria, P. Verri, Genovesi, Galanti, Delfico, Gioia /$ca cura di Ludovico Actis-Perinetti 260 $aTorino :$bLoescher,$c1963 300 $aXXVI, 160 p. ;$c20 cm 490 0$aClassici della filosofia 600 14$aBeccaria, Cesare 650 4$aIlluminismo- Italia$xAntologie 650 4$aFilangeri, Gaetano 700 1 $aActis Perinetti, Ludovico 907 $a.b12005903$b28-04-17$c01-04-03 912 $a991000444529707536 945 $aLE008 FL.M. V D 84$g1$i2008000136482$lle008$o-$pE0.00$q-$rl$s- $t0$u0$v0$w0$x0$y.i12291729$z01-04-03 996 $aIlluministi italiani$959390 997 $aUNISALENTO 998 $ale008$b01-04-03$cm$da $e-$fita$git $h4$i1 LEADER 02463oas 2200877 a 450 001 9910625161803321 005 20260127110410.0 011 $a2168-2852 035 $a(DE-599)ZDB2272797-8 035 $a(OCoLC)230697911 035 $a(CONSER) 2009250525 035 $a(CKB)110992357271206 035 $a(DE-599)2272797-8 035 $a(EXLCZ)99110992357271206 100 $a20080604b19631967 uy a 101 0 $aeng 135 $aur||||||||||| 181 $ctxt$2rdacontent 182 $cc$2rdamedia 183 $acr$2rdacarrier 200 00$aIEEE transactions on human factors in electronics 210 $aNew York $cIEEE for the Professional Technical Group on Human Factors in Electronics 311 08$a0096-249X 517 3 $aTransactions on human factors in electronics 517 3 $aHuman factors in electronics 517 3 $aInstitute of Electrical and Electronics Engineers transactions on human factors in electronics 531 0 $aIEEE trans. hum. factors electron. 606 $aHuman-computer interaction$vPeriodicals 606 $aErgonomics 606 $aMan-Machine Systems 606 $aHuman-computer interaction$2fast$3(OCoLC)fst00963494 608 $aPeriodical. 608 $aPeriodicals.$2fast 615 0$aHuman-computer interaction 615 2$aErgonomics. 615 2$aMan-Machine Systems. 615 7$aHuman-computer interaction. 676 $a620 712 02$aInstitute of Electrical and Electronics Engineers.$bProfessional Technical Group on Human Factors in Electronics. 712 02$aInstitute of Electrical and Electronics Engineers.$bHuman Factors in Electronics Group. 801 0$bHNK 801 1$bHNK 801 2$bNTE 801 2$bBUF 801 2$bUKMGB 801 2$bDLC 801 2$bOCLCQ 801 2$bOCLCF 801 2$bOCLCO 801 2$bOCLCQ 801 2$bOCLCO 801 2$bOCLCQ 801 2$bU3W 801 2$bOCLCO 801 2$bEZC 801 2$bOCLCO 801 2$bAU@ 801 2$bOCLCO 801 2$bWYU 801 2$bOCLCO 801 2$bLVT 801 2$bOCLCO 801 2$bTKN 801 2$bVT2 801 2$bOCLCO 801 2$bOCLCA 801 2$bNJT 801 2$bBWN 801 2$bQGK 801 2$bOCLCQ 801 2$bUAB 801 2$bOCLCL 906 $aJOURNAL 912 $a9910625161803321 996 $aIEEE transactions on human factors in electronics$92426671 997 $aUNINA